ბათუმის შოთა რუსთაველის სახელმწიფო უნივერსიტეტის ბიბლიოთეკა

Pathophysiology : (ბიბ.ჩანაწერი № 53634)

000 -LEADER
fixed length control field 00809nam a2200265Ia 4500
001 - CONTROL NUMBER
control field 20681
003 - CONTROL NUMBER IDENTIFIER
control field GE_BSU
005 - DATE AND TIME OF LATEST TRANSACTION
control field 20210303194349.0
008 - FIXED-LENGTH DATA ELEMENTS--GENERAL INFORMATION
fixed length control field 181216s2017||||xxu|||||||||||||| ||eng||
020 ## - INTERNATIONAL STANDARD BOOK NUMBER
International Standard Book Number 9780750652346
040 ## - CATALOGING SOURCE
Transcribing agency GE_BSU
041 ## - LANGUAGE CODE
Language code of text/sound track or separate title eng
080 ## - UNIVERSAL DECIMAL CLASSIFICATION NUMBER
Universal Decimal Classification number 616-092 P-32
245 ## - TITLE STATEMENT
Title Pathophysiology :
Remainder of title An Essential Text for the Allied Health Professions /
Statement of responsibility, etc. Edited by Delva Shamley
264 ## - PRODUCTION, PUBLICATION, DISTRIBUTION, MANUFACTURE, AND COPYRIGHT NOTICE
Place of production, publication, distribution, manufacture London :
Name of producer, publisher, distributor, manufacturer Elsevier,
Date of production, publication, distribution, manufacture, or copyright notice 2005.
300 ## - PHYSICAL DESCRIPTION
Extent 470 p. ;
Dimensions 28 cm.
653 ## - INDEX TERM--UNCONTROLLED
keyword Pathophysiology
653 ## - INDEX TERM--UNCONTROLLED
keyword An Essential Text for the Allied Health Professions
653 ## - INDEX TERM--UNCONTROLLED
keyword Патофизиология
653 ## - INDEX TERM--UNCONTROLLED
keyword მედიცინა
653 ## - INDEX TERM--UNCONTROLLED
keyword პათოფიზიოლოგია
700 ## - ADDED ENTRY--PERSONAL NAME
Personal name Edited by Delva Shamley
9 (RLIN) 10317
942 ## - ADDED ENTRY ELEMENTS (KOHA)
Koha item type წიგნი
Source of classification or shelving scheme
ეგზემპლარები
Withdrawn status Lost status Source of classification or shelving scheme Damaged status Not for loan Permanent Location Current Location Shelving location Date acquired Cost, normal purchase price Full call number Barcode Date last seen Copy number Price effective from Koha item type Public note
          ბათუმის შოთა რუსთაველის სახელმწიფო უნივერსიტეტის მთავარი ბიბლიოთეკა ბათუმის შოთა რუსთაველის სახელმწიფო უნივერსიტეტის მთავარი ბიბლიოთეკა წიგნსაცავი 2018-12-17 171.00 616-092 P-32 53945 2018-12-17 53945 2018-12-17 წიგნი 171.00 GEL.
          ბათუმის შოთა რუსთაველის სახელმწიფო უნივერსიტეტის მთავარი ბიბლიოთეკა ბათუმის შოთა რუსთაველის სახელმწიფო უნივერსიტეტის მთავარი ბიბლიოთეკა წიგნსაცავი 2018-12-17 171.00 616-092 P-32 53946 2018-12-17 53946 2018-12-17 წიგნი 171.00 GEL.
          ბათუმის შოთა რუსთაველის სახელმწიფო უნივერსიტეტის მთავარი ბიბლიოთეკა ბათუმის შოთა რუსთაველის სახელმწიფო უნივერსიტეტის მთავარი ბიბლიოთეკა წიგნსაცავი 2018-12-17 171.00 616-092 P-32 53947 2018-12-17 53947 2018-12-17 წიგნი 171.00 GEL.
          ბათუმის შოთა რუსთაველის სახელმწიფო უნივერსიტეტის მთავარი ბიბლიოთეკა ბათუმის შოთა რუსთაველის სახელმწიფო უნივერსიტეტის მთავარი ბიბლიოთეკა წიგნსაცავი 2024-05-02 112.00 616-092 P-32 67962 2024-05-02 67962 2024-05-02 წიგნი 112₾.50თ